000 01617nam a2200397 a 4500
001 ebr10545734
003 CaPaEBR
006 m u
007 cr cn|||||||||
008 090319s2009 vaua sbf 001 0 eng d
010 _z 2009010226
020 _z9781579223489 (hardcover : alk. paper)
020 _z9781579223496 (pbk. : alk. paper)
020 _z9781579223205
020 _z9781579223212
020 _z9781579225339 (e-book)
040 _aCaPaEBR
_cCaPaEBR
035 _a(OCoLC)781636127
043 _an-us---
050 1 4 _aLB2376
_b.I56 2009eb
082 0 4 _a370.116/2
_222
245 0 0 _aIntegrating study abroad into the curriculum
_h[electronic resource] :
_btheory and practice across the disciplines /
_cedited by Elizabeth Brewer and Kiran Cunningham ; foreword by Madeleine F. Green.
250 _a1st ed.
260 _aSterling, Va. :
_bStylus,
_c2009.
300 _axxvi, 230 p. :
_bill.
504 _aIncludes bibliographical references and index.
533 _aElectronic reproduction.
_bPalo Alto, Calif. :
_cebrary,
_d2011.
_nAvailable via World Wide Web.
_nAccess may be limited to ebrary affiliated libraries.
650 0 _aForeign study
_zUnited States.
650 0 _aForeign study
_xAdministration
_vHandbooks, manuals, etc.
650 0 _aUniversities and colleges
_xCurricula
_zUnited States.
655 7 _aElectronic books.
_2local
700 1 _aBrewer, Elizabeth.
700 1 _aCunningham, Kiran.
710 2 _aebrary, Inc.
856 4 0 _uhttp://site.ebrary.com/lib/rucke/Doc?id=10545734
_zAn electronic book accessible through the World Wide Web; click to view
999 _c137862
_d137862